Dynamic Paget Wilkes of Japan : (Record no. 49145)
[ view plain ]
| 000 -LEADER | |
|---|---|
| fixed length control field | 00776cam a2200241Ia 4500 |
| 001 - CONTROL NUMBER | |
| control field | 7083727 |
| 003 - CONTROL NUMBER IDENTIFIER | |
| control field | OCoLC |
| 005 - DATE AND TIME OF LATEST TRANSACTION | |
| control field | 20191212091635.0 |
| 008 - FIXED-LENGTH DATA ELEMENTS--GENERAL INFORMATION | |
| fixed length control field | 810126s1957 enkmf a 0 0beng d |
| 035 ## - SYSTEM CONTROL NUMBER | |
| System control number | AEL-5970 |
| 040 ## - CATALOGING SOURCE | |
| Original cataloging agency | KAT |
| Transcribing agency | KAT |
| Modifying agency | LOS |
| -- | UtOrBLW |
| 049 ## - LOCAL HOLDINGS (OCLC) | |
| Holding library | LOSS |
| 100 1# - MAIN ENTRY--PERSONAL NAME | |
| Personal name | Govan, Isobel Rosie, |
| Dates associated with a name | 1900- |
| 245 10 - TITLE STATEMENT | |
| Title | Dynamic Paget Wilkes of Japan : |
| Remainder of title | by I. R. Govan Stewart; Foreword by B. G. Buxton. |
| 260 ## - PUBLICATION, DISTRIBUTION, ETC. (IMPRINT) | |
| Place of publication, distribution, etc | London : |
| Name of publisher, distributor, etc | Marshall, Morgan & Scott, |
| Date of publication, distribution, etc | c1957. |
| 300 ## - PHYSICAL DESCRIPTION | |
| Extent | 96 pages, 3 unnumbered leaves of plates : |
| Other physical details | portraits ; |
| Dimensions | 19 cm. |
| 336 ## - CONTENT TYPE | |
| Content Type Term | text |
| Content Type Code | txt |
| Source | rdacontent. |
| 337 ## - MEDIA TYPE | |
| Media Type Term | unmediated |
| Media Type Code | n |
| Source | rdamedia. |
| 338 ## - CARRIER TYPE | |
| Carrier Type Term | volume |
| Carrier Type Code | nc |
| Source | rdacarrier. |
| 600 10 - SUBJECT ADDED ENTRY--PERSONAL NAME | |
| Personal name | Wilkes, Paget, |
| Dates associated with a name | 1871-1934. |
| 650 #0 - SUBJECT ADDED ENTRY--TOPICAL TERM | |
| Topical term or geographic name as entry element | Evangelists |
| Geographic subdivision | Japan |
| Form subdivision | Biography. |
| 942 ## - ADDED ENTRY ELEMENTS (KOHA) | |
| Source of classification or shelving scheme | Library of Congress Classification |
| Item type | Books |
| Withdrawn status | Lost status | Source of classification or shelving scheme | Damaged status | Not for loan | Home library | Current library | Shelving location | Date acquired | Inventory number | Total Checkouts | Full call number | Barcode | Date last seen | Price effective from | Koha item type |
|---|---|---|---|---|---|---|---|---|---|---|---|---|---|---|---|
| Library of Congress Classification | BSOP Library | BSOP Library | GC | 12/12/2019 | 46 | BV3785 W65st | 00021173 | 12/12/2019 | 12/12/2019 | Books |
